Obálka Náhled e-knihy:
PDF Epub
Pro půjčování e-knih musíte být přihlášeni.
Jak si půjčit online?

Židovské varhany ; Opožděné slasti /

Dva romány významného českého, německy píšícího autora, promlouvají dobovou estetikou expresionistické tísně a nové věcnosti k naléhavým otázkám současnosti - ztráta identity, pocit odcizení, mechanismy moci a manipulace.

Uloženo v:
Hlavní autor: Winder, Ludwig, 1889-1946 (Autor)
Další autoři: Fialová, Ingeborg, 1961- (Autor, Překladatel), Budňák, Jan, 1978- (waw, Překladatel), Winder, Ludwig. 1889-1946. (waw)
Médium: E-kniha
Jazyk:Czech
Vydáno: Praha : Brno : Nadační fond Česká knižnice : Ústav pro českou literaturu AV ČR ; Host, 2025
Vydání:V České knižnici vydání první
Edice:Česká knižnice (Host)
Témata:
Tagy:
Žádné tagy
LEADER 03262nam a2200493 i 4500
001 297612
003 CZ PrSKC
005 20260417063129.0
007 ta
008 260107s2025 xr g 000 f cze
015 |a cnb003735263 
020 |a 9788027522736  |q (Host ;  |q vázáno) 
020 |a 978-80-88183-48-8  |q (Nadační fond Česká knižnice ;  |q vázáno) 
020 |a 978-80-7658-117-3  |q (Ústav pro českou literaturu AV ČR ;  |q vázáno) 
035 |a (OCoLC)1578133543 
040 |a ABG001  |b cze  |d ABA001  |e rda 
041 1 |a cze  |h ger 
072 7 |a 821.112.2-3  |x Německá próza, německy psaná  |2 Konspekt 
080 |a 821.112.2(437.3)-31  |2 MRF 
080 |a (0:82-31)  |2 MRF 
100 1 |a Winder, Ludwig,  |d 1889-1946  |7 jk01151699  |4 aut 
245 1 0 |a Židovské varhany ;  |b Opožděné slasti /  |c Ludwig Winder ; překlad Ingeborg Fialová-Fürstová a Jan Budňák 
250 |a V České knižnici vydání první 
264 1 |a Praha :  |b Nadační fond Česká knižnice :  |b Ústav pro českou literaturu AV ČR ;  |a Brno :  |b Host,  |c 2025 
300 |a 337 stran ;  |c 21 cm 
336 |a text  |b txt  |2 rdacontent 
337 |a bez média  |b n  |2 rdamedia 
338 |a svazek  |b nc  |2 rdacarrier 
490 1 |a Česká knižnice ;  |v svazek 132 
500 |a Přeloženo z němčiny 
520 2 |a Dva romány významného českého, německy píšícího autora, promlouvají dobovou estetikou expresionistické tísně a nové věcnosti k naléhavým otázkám současnosti - ztráta identity, pocit odcizení, mechanismy moci a manipulace.  |b Vývojový román Židovské varhany tematizuje odvěké úsilí člověka vzepřít se autoritě. Albert Wolf odmítá bezvýhradnou poslušnost otci i Bohu svých předků. Jeho pokusy prolomit potlačené touhy, zbavit se pochybností a sebetrýzně střídá poznání, že vlastní výlučnost je prokletím i vyvolením zároveň. Politický román Opožděné slasti odhaluje moc peněz a křehkost hodnot v poválečném čase ekonomických krizí a morálních otřesů. Každý pokus dohnat ztracené životní příležitosti se pak může stát náhražkou nesplněných snů i bezcitným kalkulem k ovládání a vydírání druhých. Co dělat, když se domnělé, materiální dobro v rukách Adama Dupiče stane nástrojem k působení zla? Nakladatelská anotace. Kráceno. 
655 7 |a německy psané romány  |7 fd132937  |2 czenas 
655 9 |a fiction in German  |2 eczenas 
700 1 |a Fialová, Ingeborg,  |d 1961-  |7 xx0000983  |4 trl  |4 waw 
700 1 |a Budňák, Jan,  |d 1978-  |7 mzk2008424174  |4 trl  |4 waw 
700 1 2 |a Winder, Ludwig.  |d 1889-1946.  |t Jüdische Orgel.  |l Česky 
700 1 2 |a Winder, Ludwig.  |d 1889-1946.  |t Nachgeholten Freuden.  |l Česky 
740 0 2 |a Opožděné slasti 
830 0 |a Česká knižnice (Host) 
900 |a ABA001  |b 20 
044 |a xr 
910 |a RBIT002 
998 |d 426237  |a https://core.palmknihy.cz/api/books/426237/cover?tdkr0b  |b https://core.palmknihy.cz/api/books/426237/cover/400?tdkr0b  |c https://core.palmknihy.cz/api/books/426237/cover/50?tdkr0b  |e 2050-12-31  |g 347  |i 9788027522736  |j https://core.palmknihy.cz/api/books/426237/preview.epub  |k https://core.palmknihy.cz/api/books/426237/preview.pdf  |l   |q 49  |r 1  |s https://www.palmknihy.cz/kniha/426237  |t ebook  |y 2025  |z 0 
999 |d 297610